[Event "Wch U20 50th"]
[Site "Chennai"]
[Date "2011.08.14"]
[Round "12"]
[White "Arun, J."]
[Black "Jefic, Srdjan"]
[Result "1/2-1/2"]
[WhiteElo "2018"]
[BlackElo "2143"]
[PlyCount "118"]
[EventDate "2011.08.02"]
[EventType "swiss"]
[EventRounds "13"]
[EventCountry "IND"]
[SourceTitle "CBM 143 Extra"]
[Source "ChessBase"]
[SourceDate "2011.08.29"]
[SourceVersion "1"]
[SourceVersionDate "2011.08.29"]
[SourceQuality "1"]

1. e4 d5 2. exd5 Qxd5 3. Nc3 Qd6 4. d4 Nf6 5. Nf3 c6 6. h3 Bf5 7. Bc4 e6 8. 0-0 Nbd7 9. a4 Rd8 10. Qe2 Be7 11. Rd1 0-0 12. Nh4 Bg6 13. Nxg6 hxg6 14. Bb3 Nb6 15. a5 Nc8 16. Ne4 Nxe4 17. Qxe4 Qd7 18. Bf4 Nd6 19. Bxd6 Bxd6 20. c4 Rfe8 21. c5 Be7 22. a6 b5 23. cxb6 axb6 24. Rdc1 Rc8 25. a7 Bf6 26. Ba4 Qxa7 27. Bxc6 Qb8 28. Bxe8 Rxe8 29. Ra4 b5 30. Ra5 Qd8 31. Rca1 Qd6 32. Rxb5 Bxd4 33. Ra8 Rxa8 34. Qxa8+ Kh7 35. Rb8 g5 36. Rd8 Qf4 37. Rh8+ Kg6 38. Kh1 Qxf2 39. Qe4+ Kf6 40. Qf3+ Qxf3 41. gxf3 Bxb2 42. h4 gxh4 43. Rxh4 Kf5 44. Kg2 g5 45. Ra4 f6 46. Rb4 Be5 47. Kh3 Bf4 48. Rb5+ e5 49. Rb6 Be3 50. Ra6 Bd4 51. Kg3 Bc3 52. Rc6 Bd2 53. Ra6 Be1+ 54. Kg2 Bh4 55. Kh3 Bf2 56. Kg2 Bd4 57. Kg3 e4 58. fxe4+ Kxe4 59. Kg4 Kd5 1/2-1/2

[Event "Wch U20 50th"]
[Site "Chennai"]
[Date "2011.08.11"]
[Round "9"]
[White "Hercules, Benjamin Vincent"]
[Black "Arun, J."]
[Result "1-0"]
[WhiteElo "2089"]
[BlackElo "2018"]
[PlyCount "71"]
[EventDate "2011.08.02"]
[EventType "swiss"]
[EventRounds "13"]
[EventCountry "IND"]
[SourceTitle "CBM 143 Extra"]
[Source "ChessBase"]
[SourceDate "2011.08.29"]
[SourceVersion "1"]
[SourceVersionDate "2011.08.29"]
[SourceQuality "1"]

1. d4 d5 2. c4 c6 3. Nc3 e6 4. e4 dxe4 5. Nxe4 Bb4+ 6. Bd2 Be7 7. Nf3 Nd7 8. Bd3 h6 9. 0-0 Ngf6 10. Ng3 0-0 11. b4 b6 12. Re1 c5 13. Qe2 cxb4 14. Nf5 Re8 15. Nxg7 Kxg7 16. Ne5 Nxe5 17. dxe5 Rh8 18. exf6+ Bxf6 19. Rad1 Qe7 20. Qg4+ Kf8 21. Be4 Rb8 22. Qh5 Qc5 23. Qf3 Be7 24. Bf4 e5 25. Rd5 exf4 26. Rxc5 bxc5 27. Qxf4 Rb6 28. Bd5 Bf6 29. Qc7 Be6 30. Bxe6 Rxe6 31. Rxe6 fxe6 32. Qxc5+ Be7 33. Qc8+ Kg7 34. Qxe6 Bf6 35. Qd7+ Kg6 36. c5 1-0

[Event "Wch U20 50th"]
[Site "Chennai"]
[Date "2011.08.06"]
[Round "5"]
[White "Arun, J."]
[Black "Sekar, B."]
[Result "1/2-1/2"]
[WhiteElo "2018"]
[BlackElo "2061"]
[PlyCount "75"]
[EventDate "2011.08.02"]
[EventType "swiss"]
[EventRounds "13"]
[EventCountry "IND"]
[SourceTitle "CBM 143 Extra"]
[Source "ChessBase"]
[SourceDate "2011.08.29"]
[SourceVersion "1"]
[SourceVersionDate "2011.08.29"]
[SourceQuality "1"]

1. e4 c5 2. Nf3 d6 3. d4 cxd4 4. Nxd4 Nf6 5. Nc3 a6 6. Be2 e5 7. Nb3 Be7 8. 0-0 0-0 9. Be3 Be6 10. Nd5 Nbd7 11. Qd3 Bxd5 12. exd5 Rc8 13. c4 Ne8 14. Qd2 g6 15. Na5 Qc7 16. b4 f5 17. f4 Nef6 18. Bf3 Bd8 19. Rac1 Qb8 20. Nb3 b6 21. Rc2 a5 22. bxa5 bxa5 23. Nxa5 exf4 24. Bd4 Ne4 25. Bxe4 Bxa5 26. Qxa5 fxe4 27. Qe1 e3 28. g3 Ne5 29. gxf4 Nxc4 30. Qe2 Nd2 31. Rb2 Qa8 32. Qxe3 Nxf1 33. Qe6+ Rf7 34. Rg2 Re8 35. Rxg6+ hxg6 36. Qxg6+ Kf8 37. Qh6+ Ke7 38. Qe6+ 1/2-1/2

[Event "IND-ch U20"]
[Site "Chennai"]
[Date "2009.09.22"]
[Round "4"]
[White "Anwesh, Upadhyaya"]
[Black "Arun, J."]
[Result "1/2-1/2"]
[WhiteElo "2339"]
[BlackElo "2120"]
[PlyCount "112"]
[EventDate "2009.09.20"]
[EventType "swiss"]
[EventRounds "11"]
[EventCountry "IND"]
[SourceTitle "CBM 132 Extra"]
[Source "ChessBase"]
[SourceDate "2009.11.03"]
[SourceVersion "1"]
[SourceVersionDate "2009.11.03"]
[SourceQuality "1"]

1. d4 Nf6 2. c4 e6 3. g3 Be7 4. Bg2 d5 5. Nf3 0-0 6. 0-0 dxc4 7. Qc2 a6 8. Qxc4 b5 9. Qc2 Bb7 10. Bd2 Be4 11. Qc1 Nc6 12. Be3 Rc8 13. Rd1 Nb4 14. Nbd2 Ba8 15. Nb3 a5 16. a3 Nbd5 17. Bg5 h6 18. Bxf6 Nxf6 19. Nc5 a4 20. Qc2 Bxc5 21. dxc5 Bd5 22. Nd4 Qe8 23. Bxd5 exd5 24. c6 Rb8 25. Qc5 Qe5 26. Nxb5 Ne4 27. Qd4 Qxd4 28. Nxd4 Rxb2 29. Kf1 Rfb8 30. Nf5 Nd2+ 31. Ke1 Nb3 32. Rab1 Rc2 33. Rxd5 Re8 34. e3 Rxc6 35. Rd7 Rc2 36. Nd4 Rc3 37. Nb5 Rc5 38. Nxc7 Rc8 39. Na6 Rc3 40. Rbd1 Na5 41. Rd8+ Rxd8 42. Rxd8+ Kh7 43. Rd5 Rc1+ 44. Ke2 Nb3 45. Nb4 Ra1 46. Nc2 Ra2 47. Kd3 Na1 48. Nxa1 Rxa3+ 49. Kc2 Rxa1 50. Kb2 Rf1 51. Rf5 Kg6 52. g4 h5 53. h3 f6 54. Ka2 hxg4 55. hxg4 Rg1 56. f3 Re1 1/2-1/2

[Event "IND-ch U20"]
[Site "Chennai"]
[Date "2009.09.21"]
[Round "3"]
[White "Arun, J."]
[Black "Premnath, Ramanathan"]
[Result "0-1"]
[WhiteElo "2120"]
[BlackElo "2303"]
[PlyCount "68"]
[EventDate "2009.09.20"]
[EventType "swiss"]
[EventRounds "11"]
[EventCountry "IND"]
[SourceTitle "CBM 132 Extra"]
[Source "ChessBase"]
[SourceDate "2009.11.03"]
[SourceVersion "1"]
[SourceVersionDate "2009.11.03"]
[SourceQuality "1"]

1. e4 c5 2. Nf3 d6 3. d4 cxd4 4. Nxd4 Nf6 5. Nc3 g6 6. Be2 Bg7 7. Be3 0-0 8. 0-0 Nc6 9. Nb3 Be6 10. f4 Qc8 11. Kh1 Rd8 12. Bf3 d5 13. Nxd5 Bxd5 14. exd5 Nxd5 15. Bxd5 e6 16. c4 exd5 17. cxd5 Qf5 18. Qf3 Qxd5 19. Qf2 Qf5 20. Rad1 Qf6 21. Nc5 b6 22. Nd3 Qf5 23. Nc1 Qh5 24. Qc2 Nb4 25. Qb3 Nd5 26. Rde1 Nxe3 27. Rxe3 Rd2 28. Re7 Rf8 29. Nd3 Qf5 30. Ne5 Bxe5 31. Rxe5 Qg4 32. Rg5 Qe2 33. Rb1 Rfd8 34. h3 R8d3 0-1